Southville International School and Colleges
Your cart is empty.
  • Cart
  • Lists
    Public lists Eva Luna New books Lux_list list_1
    Your lists Log in to create your own lists
  • Log in to your account
  • Your cookies
  • Search history
Southville International School and Colleges
  • Advanced search
  • Recent comments
  • Most popular
  • Libraries

Log in to your account

Log in with GOOGLE


If you do not have an external account, but do have a local account, you can still log in:

  1. Home
  2. MARC view: Sense of responsibility of selected grade 6 students of public and private high school /
Normal view MARC view ISBD view

Sense of responsibility of selected grade 6 students of public and private high school / (Record no. 98808)

[ view plain ]
MARC details
000 -LEADER
fixed length control field 00842nam a2200205 a 4500
003 - CONTROL NUMBER IDENTIFIER
control field 0
005 - DATE AND TIME OF LATEST TRANSACTION
control field 20250303131720.0
008 - FIXED-LENGTH DATA ELEMENTS--GENERAL INFORMATION
fixed length control field 120723s19uu xx 00 eng d
050 ## - LIBRARY OF CONGRESS CALL NUMBER
Classification number PGS BF 723.R46.S46
Item number .C965 2012
100 ## - MAIN ENTRY--PERSONAL NAME
Personal name Cuevas, Justin Philip S.
245 ## - TITLE STATEMENT
Title Sense of responsibility of selected grade 6 students of public and private high school /
Statement of responsibility, etc Justin Philip S. Cuevas.
260 ## - PUBLICATION, DISTRIBUTION, ETC. (IMPRINT)
Place of publication, distribution, etc Las Piñas City, Philippines :
Name of publisher, distributor, etc Southville International School and Colleges,
Date of publication, distribution, etc 2012.
300 ## - PHYSICAL DESCRIPTION
Extent 35 pages :
Other physical details illustrations ;
Dimensions 28 cm.
504 ## - BIBLIOGRAPHY, ETC. NOTE
Bibliography, etc Includes bibliographical references.
650 ## - SUBJECT ADDED ENTRY--TOPICAL TERM
Topical term or geographic name as entry element Responsibility in children.
650 ## - SUBJECT ADDED ENTRY--TOPICAL TERM
Topical term or geographic name as entry element Moral development
Form subdivision Children.
650 ## - SUBJECT ADDED ENTRY--TOPICAL TERM
Topical term or geographic name as entry element Student attitudes
Form subdivision Responsibility.
650 ## - SUBJECT ADDED ENTRY--TOPICAL TERM
Topical term or geographic name as entry element Public schools—Students—Behavior /
Form subdivision Private schools—Students—Behavior
942 ## - ADDED ENTRY ELEMENTS (KOHA)
Source of classification or shelving scheme Library of Congress Classification
Koha item type PASS
Holdings
Withdrawn status Lost status Source of classification or shelving scheme Damaged status Home library Current library Shelving location Date acquired Source of acquisition Total Checkouts Full call number Barcode Date last seen Price effective from Koha item type
    Library of Congress Classification   Luxembourg Library Luxembourg Library Portfolio Assessment of SISC Students Section 07/23/2012 Donation   PGS BF 723.R46.S46 .C965 2012 P2909 04/08/2014 04/08/2014 PASS

Sense of responsibility of selected grade 6 students of public and private high school /

APA

Cuevas J. P. S., . (2012). Sense of responsibility of selected grade 6 students of public and private high school. Las Piñas City, Philippines: Southville International School and Colleges.

Chicago

Cuevas Justin Philip S, . 2012. Sense of responsibility of selected grade 6 students of public and private high school. Las Piñas City, Philippines: Southville International School and Colleges.

Harvard

Cuevas J. P. S., . (2012). Sense of responsibility of selected grade 6 students of public and private high school. Las Piñas City, Philippines: Southville International School and Colleges.

MLA

Cuevas Justin Philip S, . Sense of responsibility of selected grade 6 students of public and private high school. Las Piñas City, Philippines: Southville International School and Colleges. 2012.

  • Print
  • Cite
  • Add to your cart (remove)
  • Save record
    BIBTEX Dublin Core MARCXML MARC (non-Unicode/MARC-8) MARC (Unicode/UTF-8) MARC (Unicode/UTF-8, Standard) MODS (XML) RIS
  • More searches
    Search for this title in:
    Other Libraries (WorldCat) Other Databases (Google Scholar) Online Stores (Bookfinder.com) Open Library (openlibrary.org)

Exporting to Dublin Core...

SOUTHVILLE LIBRARY

Southville International School and Colleges Library

1281 Tropical Ave. Cor. Luxembourg St., BF Homes International, Las Pinas City

Tel. No. 8256374 / 252358 Loc. 117/146

Powered by Koha